000 01219cam a2200337 i 4500
001 15567
003 BD-RjUL
005 20211208235838.0
008 140210s1981 nyua b 001 0 eng
020 _a0070131414
035 _a(BD-RjUL)15622
040 _aDLC
_cDLC
_dBD-RjUL
_beng
041 _aeng
082 0 0 _a658.800722
_219
_bPRO 1981
245 1 0 _aProblems in marketing /
_ccompiled by E. Raymond Corey, Christopher H. Lovelock, Scott Ward.
250 _a6th ed. 1981
250 _a six edition international student edition -1985
260 _aNew York :
_bMcGraw-Hill,
_cc1981.1985
300 _axviii, 810 p. :
_bill. ;
_c24 cm.
490 0 _aMcGraw-Hill series in marketing
500 _a"Case materials of the Harvard Graduate School of Business Administration."
504 _aIncludes bibliographical references.
650 0 _aMarketing
_vCase studies.
_948326
650 0 _aMarketing
_xManagement
_vCase studies.
_948055
700 1 _aCorey, E. Raymond.
_9233822
700 1 _aLovelock, Christopher H.
_9233823
700 1 _aWard, Scott,
_d1942-
_9233824
710 2 _aHarvard University.
_bGraduate School of Business Administration.
_917314
942 _2ddc
_cBK
999 _c15567
_d15567